Proyecto de garantías económicas aprobado en primer debate

محفوظ في:
التفاصيل البيبلوغرافية
التنسيق: نص
الوسوم: إضافة وسم
لا توجد وسوم, كن أول من يضع وسما على هذه التسجيلة!

MARC

LEADER 00000 a a2200000 04500
001 11400
003
040
245 |a Proyecto de garantías económicas aprobado en primer debate  
773 |g volumen 27, número 114; páginas 19-20  
999 |c 33547  |d 33547